Fundamentos del análisis de orina y fluidos corporales / (Registro nro. 26269)
[ vista simple ]
| 000 -LEADER | |
|---|---|
| fixed length control field | 01444cam a2200349 i 4500 |
| 001 - CONTROL NUMBER | |
| control field | 26269 |
| 003 - CONTROL NUMBER IDENTIFIER | |
| control field | Mx-PuUPA |
| 005 - DATE AND TIME OF LATEST TRANSACTION | |
| control field | 20251021142735.0 |
| 008 - FIXED-LENGTH DATA ELEMENTS--GENERAL INFORMATION | |
| fixed length control field | 140415s1999 mx a gr 000 0 spa d |
| 020 ## - INTERNATIONAL STANDARD BOOK NUMBER | |
| International Standard Book Number | 9789588816562 |
| Qualifying information | pasta dura |
| 040 ## - CATALOGING SOURCE | |
| Original cataloging agency | Mx-PuUPA |
| Language of cataloging | spa |
| Transcribing agency | Mx-PuUPA |
| Modifying agency | Mx-PuUPA |
| Description conventions | rda |
| 041 1# - LANGUAGE CODE | |
| Language code of text/sound track or separate title | spa |
| Language code of original | eng |
| 100 1# - MAIN ENTRY--PERSONAL NAME | |
| Personal name | Brunzel, Nancy A., |
| 9 (RLIN) | 17555 |
| Relator term | autor |
| 240 10 - UNIFORM TITLE | |
| Uniform title | Fundamentals of urine & body fluid analysis. |
| Language of a work | Español |
| 245 10 - TITLE STATEMENT | |
| Title | Fundamentos del análisis de orina y fluidos corporales / |
| Statement of responsibility, etc. | Nancy A. Brunzel ; traducción, Yecika López Blga |
| 250 ## - EDITION STATEMENT | |
| Edition statement | Tercera edición |
| 264 #1 - PRODUCTION, PUBLICATION, DISTRIBUTION, MANUFACTURE, AND COPYRIGHT NOTICE | |
| Place of production, publication, distribution, manufacture | México, D.F. : |
| Name of producer, publisher, distributor, manufacturer | AMOLCA, Actualidades Médicas, |
| Date of production, publication, distribution, manufacture, or copyright notice | ©2014 |
| 300 ## - PHYSICAL DESCRIPTION | |
| Extent | xiii, 441 páginas : |
| Other physical details | ilustraciones, diagramas, tablas (en color) ; |
| Dimensions | 29 cm |
| 336 ## - CONTENT TYPE | |
| Fuente | rdacontent |
| Content type term | texto |
| Content type code | txt |
| 336 ## - CONTENT TYPE | |
| Fuente | rdacontent |
| Content type term | imagen fija |
| Content type code | sti |
| 337 ## - MEDIA TYPE | |
| Source | rdamedia |
| Media type term | sin medio |
| Media type code | n |
| 338 ## - CARRIER TYPE | |
| Source | rdacarrier |
| Carrier type term | volumen |
| Carrier type code | nc |
| 650 #7 - SUBJECT ADDED ENTRY--TOPICAL TERM | |
| Source of heading or term | armarc |
| Topical term or geographic name entry element | Orina |
| General subdivision | Anánlisis |
| 650 #7 - SUBJECT ADDED ENTRY--TOPICAL TERM | |
| Source of heading or term | armarc |
| Topical term or geographic name entry element | Liquidos corporales |
| General subdivision | Análisis |
| 650 #7 - SUBJECT ADDED ENTRY--TOPICAL TERM | |
| Source of heading or term | armarc |
| Topical term or geographic name entry element | Química clínica |
| 700 1# - ADDED ENTRY--PERSONAL NAME | |
| Personal name | López Blga, Yecika, |
| Relator term | traductor |
| 765 0# - ORIGINAL LANGUAGE ENTRY | |
| Main entry heading | Brunzel, Nancy A., |
| Edition | Third edition |
| Place, publisher, and date of publication | New York : Elsevier, ©2013 |
| Title | Fundamentals of urine & body fluid analysis. |
| International Standard Book Number | 9781437709896 |
| 942 ## - ADDED ENTRY ELEMENTS (KOHA) | |
| Source of classification or shelving scheme | Dewey Decimal Classification |
| Koha item type | Libro |
| Classification part | 616.07566 |
| Item part | B8818 |
| Withdrawn status | Lost status | Source of classification or shelving scheme | Damaged status | Not for loan | Collection code | Home library | Current library | Shelving location | Date acquired | Source of acquisition | Total Checkouts | Full call number | Barcode | Date last seen | Price effective from | Koha item type |
|---|---|---|---|---|---|---|---|---|---|---|---|---|---|---|---|---|
| Dewey Decimal Classification | General | Biblioteca Karol Wojtyla | Biblioteca Karol Wojtyla | Sala general | 03/12/2013 | Compra | 616.07566 B8818 2014 | 48837 | 06/04/2026 | 03/12/2013 | Libro |